Un virrey limeño en México (Record no. 113103)

MARC details
000 -LEADER
campo de control de longitud fija 00600nam a2200169 4500
001 - NÚMERO DE CONTROL
campo de control 113103
003 - IDENTIFICADOR DE NÚMERO DE CONTROL
campo de control ES-MaACL
005 - FECHA Y HORA DE LA ÚLTIMA TRANSACCIÓN
campo de control 20230906185746.0
007 - CAMPO FIJO DE DESCRIPCIÓN FÍSICA--INFORMACIÓN GENERAL
campo de control de longitud fija t|
008 - DATOS DE LONGITUD FIJA--INFORMACIÓN GENERAL
campo de control de longitud fija 061121s1927 mx r ||||1| spa d
100 1# - ENTRADA PRINCIPAL--NOMBRE DE PERSONA
Nombre de persona Núñez y Domínguez, José de Jesús.
9 (RLIN) 86230
245 13 - MENCIÓN DEL TÍTULO
Título Un virrey limeño en México
Resto del título : (don Juan de Acuña, Marqués de Casa-Fuerte) /
Mención de responsabilidad, etc. José de J. Núñez y Domínguez.
260 ## - PUBLICACIÓN, DISTRIBUCIÓN, ETC.
Lugar de publicación, distribución, etc. México :
Nombre del editor, distribuidor, etc. Museo Nacional de Arqueología,
Fecha de publicación, distribución, etc. 1927.
300 ## - DESCRIPCIÓN FÍSICA
Extensión 416 p. :
Otras características físicas il. ;
Dimensiones 23 x 13 cm.
710 2# - ENTRADA AGREGADA--NOMBRE DE ENTIDAD CORPORATIVA
Nombre de entidad corporativa o nombre de jurisdicción como elemento de entrada Museo Nacional de Arqueología (México)
9 (RLIN) 5895
852 ## - LOCALIZACIÓN
Ubicación ES-MaACL
Número de control de estantería F-4229
Holdings
Estatus retirado Estado de pérdida Estado de daño No para préstamo Biblioteca de origen Biblioteca actual Ubicación en estantería Fecha de adquisición Fuente de adquisición Total de préstamos Signatura topográfica completa Código de barras Visto por última vez Precio de reemplazo Tipo de ítem Koha
        Biblioteca del Ateneo de Madrid Biblioteca del Ateneo de Madrid Depósito 2 17/01/2008     F-4229 1117974 23/02/2023 23/02/2023 Libro impreso